Ligue 1 2013-2014 Top scorers - Statistics

General Stats
  • This quiz has been taken 26 times
  • The average score is 7 of 11
Answer Stats
Goals Nationality Club Player % Correct
26 Sweden Paris Saint-Germain Zlatan Ibrahimović
100%
15 France Lyon Alexandre Lacazette
92%
16 France Marseille André-Pierre Gignac
92%
16 Uruguay Paris Saint-Germain Edinson Cavani
92%
16 France Toulouse Wissam Ben Yedder
79%
16 Ivory Coast Lille Salomon Kalou
58%
16 Cameroon Lorient Vincent Aboubakar
50%
12 Turkey Saint-Étienne Mevlüt Erdinç
42%
14 France Lyon Bafétimbi Gomis
33%
12 Mali Bordeaux Cheick Diabaté
33%
14 France Montpellier Rémy Cabella
17%
No matching quizzes found
Score Distribution
Percent of People with Each Score
Percentile by Number Answered
Your Score History
You have not taken this quiz